Smerovanie európskeho rozpočtu a finančný sektor

Európsky rozpočet je považovaný za kľúčové východisko pre budúcnosť EÚ. V skutočnosti tvorí malú časť finančného a zdrojového potenciálu EÚ. Verejný sektor hrá kľúčovú úlohu v národných ekonomikách (zdrojovú, stimulačnú, stabilizačnú). Zároveň ale existujú značné straty v národných rozpočtoch i rozp...

Descripción completa

Guardado en:
Detalles Bibliográficos
Autor principal: Ivanová, Pavlína
Formato: Capítulo de libro
Lenguaje:eslovaco
Materias:
Etiquetas: Agregar Etiqueta
Sin Etiquetas, Sea el primero en etiquetar este registro!

MARC

LEADER 00000nla a2200000 4500
001 0200492
005 20240502073405.6
041 0 |a slo 
044 |a SK 
245 1 0 |a Smerovanie európskeho rozpočtu a finančný sektor  |c Pavlína Ivanová 
520 |a Európsky rozpočet je považovaný za kľúčové východisko pre budúcnosť EÚ. V skutočnosti tvorí malú časť finančného a zdrojového potenciálu EÚ. Verejný sektor hrá kľúčovú úlohu v národných ekonomikách (zdrojovú, stimulačnú, stabilizačnú). Zároveň ale existujú značné straty v národných rozpočtoch i rozpočtoch EÚ (šedé zóny, neefektívnosť, korupcia). Ciele stanovené na podporu európskeho rastu (Horizont 2020) môžu pomôcť ekonomickému rozvoju, ale bez cielenej finančnej pomoci a podpory inovácií zostanú iba v rovine želaní. Podniková a banková kriminalita vytvárajú obrovské ekonomické straty. 
610 2 0 |a rozpočet spoločný 
610 2 0 |a Európska únia 
610 2 0 |a prostredie podnikateľské 
610 2 0 |a regulácia finančná 
100 1 |a Ivanová, Pavlína